Navajo Nation Towns - Statistics

General Stats
  • This quiz has been taken 60 times
    51 since last reset
  • The average score is 6 of 21
Answer Stats
Population Answer State % Correct
1,716 Window Rock AZ
73%
8,372 Tuba City AZ
54%
7,962 Shiprock NM
51%
5,098 Kayenta AZ
49%
4,122 Chinle AZ
29%
3,528 Fort Defiance AZ
29%
2,261 Navajo NM
27%
1,326 Dilkon AZ
24%
1,179 Leupp AZ
22%
2,628 Crownpoint NM
20%
1,638 Lukachukai AZ
20%
1,126 Pinon AZ
20%
1,534 Tsaile AZ
20%
1,436 Church Rock NM
17%
1,681 Kaibito AZ
17%
1,471 Lechee AZ
17%
2,377 Thoreau NM
17%
1,467 Upper Fruitland NM
17%
1,081 Alamo NM
15%
1,011 Iyanbito NM
15%
1,715 Red Lake AZ
15%
No matching quizzes found
Score Distribution
Percent of People with Each Score
Percentile by Number Answered
Your Score History
You have not taken this quiz since the last reset